[Event "GER-chT U20 Girls"]
[Site "Arendsee"]
[Date "2008.12.28"]
[Round "2.1"]
[White "Hofmann, Annett"]
[Black "Huellen, Alexandra"]
[Result "1-0"]
[WhiteElo "1984"]
[BlackElo "1416"]
[PlyCount "59"]
[EventDate "2008.12.27"]
[EventType "team-swiss"]
[EventRounds "5"]
[EventCountry "GER"]
[SourceTitle "EXT 2010"]
[Source "ChessBase"]
[SourceDate "2010.11.25"]
[SourceVersion "1"]
[SourceVersionDate "2010.11.25"]
[SourceQuality "1"]
[WhiteTeam "Hettstedt U20 Girls"]
[BlackTeam "Fritzdorf Gruen Weiss U20 Girls"]
[WhiteTeamCountry "GER"]
[BlackTeamCountry "GER"]

1. e4 e6 2. d4 d5 3. Nd2 dxe4 4. Nxe4 Nd7 5. Bc4 Ndf6 6. Ng3 c5 7. Be3 cxd4 8. Bxd4 Bd7 9. Nf3 Qc7 10. Qe2 Bc6 11. Bb3 Be7 12. 0-0 Nh6 13. Ne5 0-0 14. Nxc6 Qxc6 15. c4 b6 16. a3 Rad8 17. Rfd1 Nf5 18. Nxf5 exf5 19. Qxe7 Rfe8 20. Qxa7 Qe4 21. f3 Qh4 22. Bf2 Qf4 23. Rxd8 Rxd8 24. Qxb6 Rd2 25. Be3 Qd6 26. c5 Qxb6 27. cxb6 Rxb2 28. Rd1 Rxb3 29. Rd8+ Ne8 30. Rxe8# 1-0

[Event "GER-chT U20 Girls"]
[Site "Stuttgart"]
[Date "2007.12.29"]
[Round "6.2"]
[White "Riedel, Kristina"]
[Black "Huellen, Alexandra"]
[Result "1-0"]
[WhiteElo "1617"]
[BlackElo "1492"]
[PlyCount "109"]
[EventDate "2007.12.27"]
[EventType "team-swiss"]
[EventRounds "7"]
[EventCountry "GER"]
[SourceTitle "EXT 2009"]
[Source "ChessBase"]
[SourceDate "2008.11.26"]
[SourceVersion "1"]
[SourceVersionDate "2008.11.26"]
[SourceQuality "1"]
[WhiteTeam "Leipzig Gohlis U20 Girls"]
[BlackTeam "Fritzdorf Gruen Weiss U20 Girls"]
[WhiteTeamCountry "GER"]
[BlackTeamCountry "GER"]

1. e4 c5 2. Nf3 Nc6 3. Nc3 d6 4. d4 cxd4 5. Nxd4 Nf6 6. f3 e5 7. Nb3 Be6 8. Be3 Be7 9. Nd5 0-0 10. Nxe7+ Qxe7 11. Bd3 a6 12. 0-0 Rac8 13. c3 Qd7 14. Qe2 Ne7 15. Rfd1 Ng6 16. Bc2 Nh5 17. Qd2 Bxb3 18. Bxb3 Qb5 19. c4 Qc6 20. Qxd6 Ngf4 21. Qxe5 Rfe8 22. Qd6 Qxd6 23. Rxd6 Ne6 24. Rad1 Nf6 25. g4 h6 26. Kf2 Re7 27. e5 Ne8 28. Rd7 Rxd7 29. Rxd7 N8c7 30. Bb6 g5 31. Bxc7 Rxc7 32. Rxc7 Nxc7 33. c5 Kf8 34. Kg3 Ke7 35. h4 f6 36. hxg5 hxg5 37. exf6+ Kxf6 38. f4 gxf4+ 39. Kxf4 a5 40. g5+ Kg7 41. Kf5 Na6 42. c6 bxc6 43. Bc4 Nb4 44. a4 Nc2 45. b3 Nb4 46. g6 Na2 47. Bf7 Nc1 48. Ke5 Nd3+ 49. Kd6 c5 50. Kc6 Ne5+ 51. Kxc5 Nxf7 52. gxf7 Kxf7 53. Kb5 Ke6 54. Kxa5 Kd6 55. Kb6 1-0

[Event "GER-chT U20 Girls"]
[Site "Naunhof"]
[Date "2005.12.27"]
[Round "2.2"]
[White "Krause Molle, Zarella Eva"]
[Black "Huellen, Alexandra"]
[Result "1/2-1/2"]
[WhiteElo "1600"]
[BlackElo "1471"]
[PlyCount "88"]
[EventDate "2005.12.27"]
[EventType "team-swiss"]
[EventRounds "7"]
[EventCountry "GER"]
[SourceTitle "CBM 110 Extra"]
[Source "ChessBase"]
[SourceDate "2006.03.10"]
[SourceVersion "2"]
[SourceVersionDate "2006.03.10"]
[SourceQuality "1"]

1. e4 c5 2. Nf3 Nc6 3. d4 cxd4 4. Nxd4 g6 5. Bc4 Nf6 6. Nc3 Bg7 7. Be3 d6 8. 0-0 0-0 9. Qd2 Ng4 10. Nxc6 bxc6 11. Bf4 Ne5 12. Bb3 Ba6 13. Rfd1 Qb6 14. Bh6 Nc4 15. Qc1 Nxb2 16. Rb1 Bxc3 17. Bxf8 Rxf8 18. Rxb2 Bxb2 19. Qxb2 Bc4 20. Qc3 Bxb3 21. axb3 a5 22. Ra1 Ra8 23. Ra4 Qb5 24. Qa1 f6 25. b4 Qc4 26. bxa5 Qxc2 27. a6 Rb8 28. h3 Rb1+ 29. Qxb1 Qxb1+ 30. Kh2 Qb8 31. a7 Qa8 32. Kg3 e5 33. Kf3 Kf7 34. Ke3 f5 35. exf5 gxf5 36. Kd3 Ke6 37. Kc4 Kd7 38. Kd3 d5 39. Rh4 e4+ 40. Kd2 Qh8 41. Rxh7+ Qxh7 42. a8Q Qh6+ 43. Kc2 Qd6 44. Qb7+ Qc7 1/2-1/2

[Event "NRW-ch U16/18 Girls"]
[Site "Kranenburg"]
[Date "2005.03.29"]
[Round "2"]
[White "Huellen, Alexandra"]
[Black "Lerke, Stephanie"]
[Result "1-0"]
[WhiteElo "1356"]
[BlackElo "1038"]
[PlyCount "59"]
[EventDate "2005.03.28"]
[EventType "swiss"]
[EventRounds "7"]
[EventCountry "GER"]
[SourceTitle "CBM 105 Extra"]
[Source "ChessBase"]
[SourceDate "2005.05.01"]
[SourceVersion "1"]
[SourceVersionDate "2005.05.01"]
[SourceQuality "1"]

1. e4 e5 2. Nf3 Nc6 3. Bc4 a6 4. c3 g6 5. d3 Bh6 6. Bxh6 Nxh6 7. d4 Ng4 8. dxe5 Ngxe5 9. Nxe5 Nxe5 10. Qd5 Nxc4 11. Qxc4 0-0 12. 0-0 c6 13. Nd2 d5 14. exd5 cxd5 15. Qf4 b5 16. Nf3 Bb7 17. Rfd1 Re8 18. Kf1 Re4 19. Qd2 Bc6 20. Re1 Qd6 21. Rxe4 Rd8 22. Re3 a5 23. Rae1 Qc5 24. Qd4 Qc4+ 25. Qxc4 dxc4 26. Nd4 Bd7 27. Re5 Rb8 28. a3 f6 29. Re7 Rb7 30. Nxb5 1-0

[Event "GER-chT U20 Girls"]
[Site "Pori"]
[Date "2004.12.28"]
[Round "4.2"]
[White "Christ, Esther"]
[Black "Huellen, Alexandra"]
[Result "1/2-1/2"]
[WhiteElo "1198"]
[BlackElo "1150"]
[PlyCount "54"]
[EventDate "2004.12.27"]
[EventType "team"]
[EventRounds "7"]
[EventCountry "GER"]
[SourceTitle "EXT 2006"]
[Source "ChessBase"]
[SourceDate "2005.11.24"]
[SourceVersion "1"]
[SourceVersionDate "2005.11.24"]
[SourceQuality "1"]

1. e4 e5 2. Nf3 Nc6 3. Bc4 Bc5 4. d3 h6 5. Nc3 Nf6 6. Na4 Be7 7. Be3 a6 8. Nc3 Bb4 9. a3 Be7 10. 0-0 d6 11. h3 0-0 12. Nd5 Nxd5 13. Bxd5 Bd7 14. c3 Rb8 15. d4 exd4 16. cxd4 Be6 17. Ba2 Bxa2 18. Rxa2 Bf6 19. d5 Ne5 20. Nxe5 Bxe5 21. f4 Bf6 22. g3 Qe7 23. Re1 Rfe8 24. Bd4 Bxd4+ 25. Qxd4 Qd7 26. Kg2 Qe7 27. Raa1 Qd7 1/2-1/2

[Event "GER-chT U20 Girls"]
[Site "Pori"]
[Date "2004.12.27"]
[Round "2.2"]
[White "Lehner, Martina"]
[Black "Huellen, Alexandra"]
[Result "0-1"]
[WhiteElo "1348"]
[BlackElo "1150"]
[PlyCount "88"]
[EventDate "2004.12.27"]
[EventType "team"]
[EventRounds "7"]
[EventCountry "GER"]
[SourceTitle "EXT 2006"]
[Source "ChessBase"]
[SourceDate "2005.11.24"]
[SourceVersion "1"]
[SourceVersionDate "2005.11.24"]
[SourceQuality "1"]

1. e4 e5 2. Nf3 Nc6 3. Nc3 Nf6 4. Bb5 d6 5. h3 Bd7 6. 0-0 a6 7. Bxc6 Bxc6 8. Re1 Be7 9. d4 exd4 10. Nxd4 Qd7 11. Bg5 h6 12. Bf4 0-0 13. Qd3 Rad8 14. Nf5 d5 15. e5 Ne4 16. Ng3 Nxc3 17. Qxc3 Qe6 18. a3 d4 19. Qd2 Qd5 20. f3 Bc5 21. Kh1 Rfe8 22. b4 Ba7 23. Rad1 Ba4 24. Rc1 Qa2 25. Nf5 d3 26. cxd3 Qxa3 27. d4 Bd7 28. Nxh6+ gxh6 29. Bxh6 Re6 30. d5 Rg6 31. Qf4 Qa2 32. g4 Qxd5 33. Rxc7 Bc6 34. Rf1 Re8 35. e6 Qxe6 36. Bg5 Bb6 37. Rxc6 Qxc6 38. Bh4 Bc7 39. Qd2 Qd6 40. Qb2 Rge6 41. Qg2 Re2 42. Rf2 Re1+ 43. Rf1 Rxf1+ 44. Qxf1 Qh2# 0-1